Biggest Cities of Roman England on a Map - Statistics

General Stats
  • This quiz has been taken 31 times
  • The average score is 8 of 15
Answers on the Map
Answers color-coded by a green-red scale on the quiz's map according to % correct below.
 
Answer Stats
Pop. City % Correct
45,000 Londinium London
100%
8,000 Eboracum York
81%
11,800 Durovernum Cantiacorum Canterbury
65%
7,400 Isca Dumnoniorum Exeter
65%
8,200 Lindum Colonia Lincoln
58%
12,000 Luguvalium Carvetiorum Carlisle
54%
10,500 Ratae Corieltauvorum Leicester
54%
7,700 Camulodunum Colchester
50%
17,700 Verulamium St. Albans
50%
11,600 Venta Belgarum Winchester
46%
7,800 Durnovaria Dorchester
38%
8,400 Noviomagus Reginorum Chichester
35%
16,900 Viroconium Cornoviorum Wroxeter
27%
10,200 Glevum Gloucester
19%
19,500 Corinium Dobunnorum Cirencester
12%
No matching quizzes found
Score Distribution
Percent of People with Each Score
Percentile by Number Answered
Your Score History
You have not taken this quiz